| 000 | 00903nas a2200253Ia 4500 | ||
|---|---|---|---|
| 001 | R123/45054 | ||
| 003 | IT-RoPAU | ||
| 008 | 151124c99999999xx |||||||||||| ||und|| | ||
| 040 | _aIT-RoPAU | ||
| 040 | _cIT-RoPAU | ||
| 041 | _aINGLESE | ||
| 100 |
_aBautista Felix B. _gCodice Aut. SPICS: 42528 |
||
| 210 | _aMEDIA DEVELOPMENT | ||
| 222 | _aMedia Development | ||
| 245 |
_aMEDIA DEVELOPMENT, ANNO 33-N.4 (1986) _bPhilippine Revolution And The Foreign Media (The) |
||
| 250 | _a1a ed. | ||
| 260 |
_aLONDON _bWORLD ASSOCIATION CHR. COMMUN. _c1986 |
||
| 501 |
_bPaulus - SPICS - Società San Paolo EM (non-commercial uses only) _cCopyright2015 |
||
| 300 | _a2 p. [27-28] | ||
| 362 | _aANNO 033, N.04 (1986) | ||
| 500 | _aRivoluzione Filippina e i Media Esteri. Migliore la Vista Dall'Estero. Politica Ambivalente di Marcos. | ||
| 650 |
_aCOMUNICAZIONE _vPUBBLICAZIONE PERIODICA |
||
| 942 | _cCR | ||
| 999 |
_c158842 _d158842 |
||